Verne: un revolucionario subterráneo

Saved in:
Bibliografiske detaljer
Format: Bog
Sprog:spansk
Udgivet: Buenos Aires Paidós 1968
Udgivelse:1a. ed
Serier:Letras Mayúsculas, 3
Fag:
Tags: Tilføj Tag
Ingen Tags, Vær først til at tagge denne postø!

MARC

LEADER 00000cam a2200000 a 4500
001 UCE2942
003 CL-VaPUC
008 140807e19680000ag |||||||||||||||||spa|d
082 0 4 |a 844  |b VER  |2 21 
245 1 0 |a Verne: un revolucionario subterráneo 
250 |a 1a. ed 
300 |a 156 p 
942 |c BK 
945 |d 20140807 14:45:00  |a dcastane 
260 |a Buenos Aires  |b Paidós  |c 1968 
650 0 |a Ensayos franceses  |9 265511 
650 0 |a Crítica literaria   |9 269189 
583 |a last modification  |c 20140808 12:52:50  |k Rodrigo Vera 
490 0 |a Letras Mayúsculas, 3 
999 |c 356456  |d 356454 
952 |0 0  |1 0  |3 erb  |4 0  |6 844_000000000000000_VER_1968  |7 0  |8 A  |9 463799  |a BIBART  |b BIBART  |i 5048508  |o 844 VER 1968  |p 5048508  |r 2025-03-13  |w 2019-11-23  |y BK  |z Catalogado en:20140807  |k ART